<?xml version="1.0" encoding="UTF-8"?><?xml-stylesheet type="text/xsl" href="static/style.xsl"?><OAI-PMH xmlns="http://www.openarchives.org/OAI/2.0/" xmlns:xsi="http://www.w3.org/2001/XMLSchema-instance" xsi:schemaLocation="http://www.openarchives.org/OAI/2.0/ http://www.openarchives.org/OAI/2.0/OAI-PMH.xsd"><responseDate>2026-04-17T05:44:43Z</responseDate><request verb="GetRecord" identifier="oai:www.recercat.cat:10256/22031" metadataPrefix="marc">https://recercat.cat/oai/request</request><GetRecord><record><header><identifier>oai:recercat.cat:10256/22031</identifier><datestamp>2024-05-22T11:32:19Z</datestamp><setSpec>com_2072_452966</setSpec><setSpec>com_2072_2054</setSpec><setSpec>col_2072_452968</setSpec></header><metadata><record xmlns="http://www.loc.gov/MARC21/slim" xmlns:dcterms="http://purl.org/dc/terms/" xmlns:xsi="http://www.w3.org/2001/XMLSchema-instance" xmlns:doc="http://www.lyncode.com/xoai" xsi:schemaLocation="http://www.loc.gov/MARC21/slim http://www.loc.gov/standards/marcxml/schema/MARC21slim.xsd">
   <leader>00925njm 22002777a 4500</leader>
   <datafield ind2=" " ind1=" " tag="042">
      <subfield code="a">dc</subfield>
   </datafield>
   <datafield ind2=" " ind1=" " tag="720">
      <subfield code="a">Martos Ramió, Sandra</subfield>
      <subfield code="e">author</subfield>
   </datafield>
   <datafield ind2=" " ind1=" " tag="260">
      <subfield code="c">2022</subfield>
   </datafield>
   <datafield ind2=" " ind1=" " tag="520">
      <subfield code="a">INTRODUCTION: Obstetric violence (OV) is a term that is currently under constant&#xd;
debate and growth within society, but also within the healthcare community itself. It&#xd;
includes all practices that violate women's rights during the peripartum period. The&#xd;
existing literature on these practices is scarce and the lack of measuring instruments&#xd;
makes the quantification of this type of violence complicated. This fact leads to an&#xd;
estimated prevalence of between 15 and 91% at world level, and up to 35-40% in Spain.&#xd;
Multiple studies talk about the consequences of this violence, relating it, specially, to&#xd;
maternal mental health. There are multiple mental disorders developed during&#xd;
peripartum, but one of the most common, affecting 10-20% of women, is postpartum&#xd;
depression (PPD). The relationship between OV and PPD remains unclear, since it is an&#xd;
association that has been little explored in the scientific literature. The present research&#xd;
project aims to determine the relationship between women's perceived OV during&#xd;
peripartum and the risk of developing PPD</subfield>
   </datafield>
   <datafield ind2=" " ind1=" " tag="520">
      <subfield code="a">INTRODUCCIÓ: La VO és un terme que està actualment en constant debat i creixement&#xd;
dins la societat, però també dins el propi col·lectiu sanitari. Inclou totes les pràctiques&#xd;
que vulneren els drets de la dona durant el peripart. La bibliografia existent que parla&#xd;
sobre aquestes pràctiques és escassa, i la manca d’instruments de mesura fan que la&#xd;
quantificació d’aquest tipus de violència sigui complicada. Aquest fet provoca que s’estimi&#xd;
una prevalença de VO d’entre el 15 i el 91% a nivell mundial, acotant-se fins a un 35-&#xd;
40% a l’Estat Espanyol. Múltiples estudis parlen de les conseqüències d’aquesta&#xd;
violència, relacionant-la, sobretot, amb la salut mental materna. Existeixen múltiples&#xd;
trastorns mentals desenvolupats durant el peripart, però un dels més comuns, amb&#xd;
afectació a un 10-20% de les dones, és la Depressió Postpart (DPP). La relació entre la&#xd;
VO i la DPP no és clara, donat que és una associació poc explorada a nivell de literatura&#xd;
científica. El present projecte de recerca té com a objectiu determinar la relació entre la&#xd;
VO percebuda per la dona durant el peripart i el risc de desenvolupar una DPP</subfield>
   </datafield>
   <datafield ind1="8" ind2=" " tag="024">
      <subfield code="a">http://hdl.handle.net/10256/22031</subfield>
   </datafield>
   <datafield tag="653" ind2=" " ind1=" ">
      <subfield code="a">Violència obstètrica</subfield>
   </datafield>
   <datafield tag="653" ind2=" " ind1=" ">
      <subfield code="a">Obstetric violence</subfield>
   </datafield>
   <datafield tag="653" ind2=" " ind1=" ">
      <subfield code="a">Part -- Aspectes ètics i morals</subfield>
   </datafield>
   <datafield tag="653" ind2=" " ind1=" ">
      <subfield code="a">Parturition -- Moral and ethical aspects</subfield>
   </datafield>
   <datafield tag="653" ind2=" " ind1=" ">
      <subfield code="a">Embarassades -- Assistència hospitalària -- Aspectes ètics i morals</subfield>
   </datafield>
   <datafield tag="653" ind2=" " ind1=" ">
      <subfield code="a">Pregnant women -- Hospital care -- Moral and ethical aspects</subfield>
   </datafield>
   <datafield tag="653" ind2=" " ind1=" ">
      <subfield code="a">Depressió postpart</subfield>
   </datafield>
   <datafield tag="653" ind2=" " ind1=" ">
      <subfield code="a">Postpartum depression</subfield>
   </datafield>
   <datafield tag="653" ind2=" " ind1=" ">
      <subfield code="a">Naixement -- Aspectes ètics i morals</subfield>
   </datafield>
   <datafield tag="653" ind2=" " ind1=" ">
      <subfield code="a">Childbirth -- Moral and ethical aspects</subfield>
   </datafield>
   <datafield tag="653" ind2=" " ind1=" ">
      <subfield code="a">Infermeria perinatal</subfield>
   </datafield>
   <datafield tag="653" ind2=" " ind1=" ">
      <subfield code="a">Maternity nursing</subfield>
   </datafield>
   <datafield ind2="0" ind1="0" tag="245">
      <subfield code="a">Violència obstètrica percebuda i risc de depressió postpart: projecte de recerca</subfield>
   </datafield>
</record></metadata></record></GetRecord></OAI-PMH>